<?xml version="1.0" encoding="UTF-8"?>
<collection xmlns="http://www.loc.gov/MARC21/slim">
  <record>
    <leader>00000nam  2200000   4500</leader>
    <controlfield tag="001">INLIS000000000020797</controlfield>
    <controlfield tag="005">20250811033914</controlfield>
    <datafield tag="035" ind1="#" ind2="#">
      <subfield code="a">0010-0825000075</subfield>
    </datafield>
    <controlfield tag="007">ta</controlfield>
    <controlfield tag="008">250811################|##########|#|##</controlfield>
    <datafield tag="084" ind1="#" ind2="#">
      <subfield code="a">R 0036 PKP 2024</subfield>
    </datafield>
    <datafield tag="100" ind1=" " ind2="#">
      <subfield code="a">Dicky Rachmadi</subfield>
    </datafield>
    <datafield tag="245" ind1="1" ind2="#">
      <subfield code="a">Pembangunan Database Anggota DPR RI (DASI) Kedalam Website Portal DPR.GO.ID Untuk Memberikan Pelayanan Prima Pada Subbagian Tata Usaha Sekretariat Komisi VIII Sekretariat Jenderal DPR RI /</subfield>
      <subfield code="c">Dicky Rachmadi</subfield>
    </datafield>
    <datafield tag="260" ind1="#" ind2="#">
      <subfield code="a">Jakarta :</subfield>
      <subfield code="b">Pusbangkom Pimnas dan Manajerial ASN,</subfield>
      <subfield code="c">2024</subfield>
    </datafield>
    <datafield tag="300" ind1="#" ind2="#">
      <subfield code="a">40 hlm. ;</subfield>
      <subfield code="c">30 cm</subfield>
    </datafield>
    <datafield tag="650" ind1="#" ind2="4">
      <subfield code="a">Pembangunan Database</subfield>
    </datafield>
    <datafield tag="520" ind1="#" ind2="#">
      <subfield code="a">Salah satu upaya mendukung reformasi birokrasi dengan menerapkan digitalisasi administrasi merupakan satu isu yang saling terkait erat dalam upaya menciptakan pemerintahan yang lebih efisien, transparan, dan responsif terhadap  kebutuhan. Digitalisasi administrasi adalah proses transformasi layanan dari manual menjadi berbasis digital. Dengan inovasi digitalisasi, berbagai layanan dapat diakses secara online, cepat, dan mudah sehingga dapat memberikan efisiensi, transparansi, pengurangan biaya dan peningkatan akses layanan.</subfield>
    </datafield>
    <datafield tag="990" ind1="#" ind2="#">
      <subfield code="a">2024/1.2.4/A/0036</subfield>
    </datafield>
  </record>
</collection>
